000 01179naa a22003137a 4500
001 BR7405363
003 BR-BrBNA
005 20240918173613.0
007 ta
008 230509b bl.||||| |||| 00| 0 por d
040 _aBR-BrBNA
_bpor
_cBiblioteca Nacional de Agricultura
041 _a(Pt)
072 _aL74
_b5240
090 _aL74 BR7405363
100 1 _aFigueiro, P.R.P.
111 1 _a11. Reuniao da Sociedade Brasileira de Zootecnia
_cFortaleza, CE (Brazil)
_d22 Jul 1974
245 1 _aEstudo dos fatores que afetam a mortalidade neo-natal de cordeiros [Ovino; Clima; Nutricao]
260 3 _aFortaleza, CE (Brasil):
_bUniversidade Federal do Ceara,
_c1974.
500 _aAnais da 11. Reuniao da Sociedade Brasileira de Zootecnia Fortaleza, CE (Brasil): Universidade Federal do Ceara, 1974. p. 28-29 (BR7405363-AM)L74
650 _aDisturbio animal
650 _aOvino
650 _aCordeiro
650 _aMortalidade
650 _aClima
650 _aNutricao
773 0 _tAnais da 11. Reuniao da Sociedade Brasileira de Zootecnia
_wL74 BR7405363
_gFortaleza, CE (Brasil), 1974. p. 28-29
909 _a202404
_bLucia
_c55
_dLucia Elande
942 _cAM
_2AGRIS
999 _c305699
_d305699